000 00828nam a22002297a 4500
999 _c30900
_d30900
003 OSt
005 20210127103110.0
008 210127b ||||| |||| 00| 0 eng d
020 _a9783540609315
050 _aHF5691.E43 2012
_b.E43 2012
100 _aPaul Embrechts;
245 _aModelling extremal events for insurance and finance
_cPaul Embrechts, Claudia Klüppelberg, Thomas Mikosch.
260 _aNew York :
_bSpringer,
_c1997.
300 _a xv, 648 pages : illustrations ; 24 cm
_b illustrations ;
_c24 cm.
440 _a Applications of mathematics, 33.
500 _aincludes references ,index and appendix
650 _a Business mathematics. Insurance
650 _aMathematics.
700 _a Claudia Klüppelberg;
700 _aThomas Mikosch
942 _2lcc
_cBOOKS
_hHF5691.E43 2012